Normal view
MARC view
Entry Personal Name
001 - CONTROL NUMBER
- control field: 1175969
003 - CONTROL NUMBER IDENTIFIER
- control field: OSt
005 - DATE AND TIME OF LATEST TRANSACTION
- control field: 20260324124917.0
008 - FIXED-LENGTH DATA ELEMENTS
- fixed length control field: 260324|| aca||aabn | a|a d
040 ## - CATALOGING SOURCE
- Original cataloging agency: OSt
- Transcribing agency: OSt
100 ## - HEADING--PERSONAL NAME
- Personal name: Caroline Sutcliffe; Pamela Brown; David Challis; Richard von Abendorff; Jane Hughes; John Chesterman
670 ## - SOURCE DATA FOUND
- Source citation: Work cat.: (OSt)1770764: Caroline Sutcliffe; Pamela Brown; David Challis; Richard von Abendorff; Jane Hughes; John Chesterman, Supporting People with Dementia at Home
